[Event "Asia CCCL"]
[Site "Khanty-Mansiysk"]
[Date "2025.06.22"]
[Round "5.2"]
[White "Pridorozhni, Aleksei"]
[Black "Chen, Yining"]
[Result "1-0"]
[WhiteElo "2493"]
[BlackElo "2183"]
[PlyCount "93"]
[EventDate "2025.06.18"]
[EventType "team-tourn"]
[EventRounds "7"]
[EventCountry "RUS"]
[SourceTitle "CB27_2025"]
[SourceDate "2025.07.02"]
[SourceVersion "1"]
[SourceVersionDate "2025.07.02"]
[SourceQuality "1"]
[WhiteTeam "Ugra"]
[BlackTeam "Hangzhou"]
[WhiteTeamCountry "RUS"]
[BlackTeamCountry "CHN"]

1. e4 e6 2. d4 d5 3. e5 c5 4. c3 Nc6 5. Nf3 Qb6 6. Be2 cxd4 7. cxd4 Nh6 8. Bxh6 Qxb2 9. Nbd2 gxh6 10. 0-0 Bd7 11. Nb3 Rc8 12. Ne1 Qa3 13. Nd3 a5 14. Rb1 b6 15. Bh5 Be7 16. Nf4 Rf8 17. Nc1 Bg5 18. Nfe2 Nb4 19. Rb3 Qa4 20. f4 Be7 21. Nc3 Qc6 22. N1e2 Qc4 23. a3 Nc6 24. Rf3 Kd8 25. Nb5 Nxd4 26. Nbxd4 Ba4 27. Qd2 Bxb3 28. Rxb3 Bc5 29. Rd3 Bxd4+ 30. Rxd4 Qb3 31. Rd3 Qb1+ 32. Kf2 Qb5 33. Nd4 Qc5 34. Qb2 f6 35. Kg3 Ke7 36. Nf3 Rg8+ 37. Kh3 f5 38. Rb3 Qc2 39. g3 Qxb2 40. Rxb2 Rb8 41. Nd4 Rgc8 42. Be2 Rc1 43. a4 Rc3 44. Kh4 Kf7 45. Kh5 Ra3 46. Bb5 Rd8 47. Rc2 1-0

[Event "Budapest SixDays 05 IM-A"]
[Site "Budapest"]
[Date "2025.05.18"]
[Round "8"]
[White "Velavaa, Ragavesh"]
[Black "Chen, Yining"]
[Result "1/2-1/2"]
[WhiteElo "2107"]
[BlackElo "2206"]
[PlyCount "91"]
[EventDate "2025.05.14"]
[EventType "tourn"]
[EventRounds "9"]
[EventCountry "HUN"]
[SourceTitle "CB21_2025"]
[SourceDate "2025.05.21"]
[SourceVersion "1"]
[SourceVersionDate "2025.05.21"]
[SourceQuality "1"]

1. e4 e6 2. Qe2 c5 3. Nf3 Nc6 4. g3 g6 5. Bg2 Bg7 6. c3 Nge7 7. 0-0 e5 8. Na3 0-0 9. Nc2 d5 10. exd5 Nxd5 11. d3 h6 12. Rd1 Re8 13. Be3 b6 14. Qd2 Kh7 15. d4 Nxe3 16. Nxe3 e4 17. Ne5 Nxe5 18. dxe5 Qxd2 19. Rxd2 Rxe5 20. Nc4 Re7 21. Nd6 f5 22. Nxc8 Rxc8 23. Rad1 Bf6 24. Bf1 g5 25. Rd6 Be5 26. Rd7 Rc7 27. Bb5 Kg6 28. Rd8 f4 29. g4 c4 30. Kf1 e3 31. Ke2 Bf6 32. f3 Re5 33. R8d5 Rc5 34. Rxc5 Rxc5 35. a4 Rc7 36. Rd7 Rxd7 37. Bxd7 Kf7 38. Bb5 Ke6 39. Bxc4+ Ke5 40. Bf7 Be7 41. Bc4 a5 42. Bf7 Bf8 43. Bc4 Be7 44. h3 Bf8 45. Bf7 Be7 46. Bc4 1/2-1/2

[Event "Budapest SixDays 05 IM-A"]
[Site "Budapest"]
[Date "2025.05.16"]
[Round "4"]
[White "Chen, Yining"]
[Black "Pribelszky, Bence Daniel"]
[Result "0-1"]
[WhiteElo "2206"]
[BlackElo "2400"]
[PlyCount "88"]
[EventDate "2025.05.14"]
[EventType "tourn"]
[EventRounds "9"]
[EventCountry "HUN"]
[SourceTitle "CB21_2025"]
[SourceDate "2025.05.21"]
[SourceVersion "1"]
[SourceVersionDate "2025.05.21"]
[SourceQuality "1"]

1. d4 a6 2. Nf3 e6 3. c4 d5 4. cxd5 exd5 5. Nc3 h6 6. Bf4 Nf6 7. e3 Bd6 8. Bxd6 Qxd6 9. Bd3 0-0 10. h3 Re8 11. Qc2 b6 12. 0-0 Bb7 13. Rac1 Nbd7 14. Rfd1 Qe7 15. a3 c5 16. dxc5 bxc5 17. Be2 Rab8 18. Qa4 Ne5 19. b4 d4 20. exd4 Nxf3+ 21. Bxf3 Bxf3 22. gxf3 cxb4 23. axb4 Qe6 24. Kh2 Qd6+ 25. Kh1 Rxb4 26. Qa3 Qb6 27. Na4 Qa5 28. Ra1 Re2 29. Nc3 Qxa3 30. Rxa3 Rxf2 31. Ne4 Nxe4 32. fxe4 Rf4 33. Rxa6 Rxe4 34. Ra8+ Kh7 35. Rd8 Rb3 36. Rd7 Rxh3+ 37. Kg2 Rhh4 38. d5 Rd4 39. Ra1 Rh5 40. d6 Rhd5 41. Ra6 Kg6 42. Rd8 h5 43. d7+ f6 44. Ra7 Rd3 0-1

[Event "Budapest Vezerkepzo IM 04"]
[Site "Budapest"]
[Date "2025.04.27"]
[Round "8"]
[White "Chen, Yining"]
[Black "Kavin, Vijayakumar"]
[Result "0-1"]
[WhiteElo "2204"]
[BlackElo "2009"]
[PlyCount "68"]
[EventDate "2025.04.22"]
[EventType "tourn"]
[EventRounds "9"]
[EventCountry "HUN"]
[SourceTitle "CB20_2025"]
[SourceDate "2025.05.14"]
[SourceVersion "1"]
[SourceVersionDate "2025.05.14"]
[SourceQuality "1"]

1. d4 Nf6 2. Nc3 d5 3. Bf4 g6 4. e3 Bg7 5. h4 h5 6. Nf3 0-0 7. Ne5 c5 8. Qd2 Nc6 9. f3 cxd4 10. exd4 Bf5 11. Bb5 Nb4 12. Nd3 Nxd3+ 13. Bxd3 Bxd3 14. Qxd3 Rc8 15. 0-0-0 Qa5 16. Be5 Rc4 17. Kb1 Rfc8 18. Ne2 Rxc2 19. Qxc2 Rxc2 20. Kxc2 Qxa2 21. Nc3 Qc4 22. b3 Qc6 23. Kb2 Nd7 24. Bxg7 Kxg7 25. Ne2 Nb6 26. Nf4 a5 27. Rhe1 a4 28. Rc1 Qb5 29. Rc3 Nc4+ 30. Kc2 axb3+ 31. Rxb3 Qa4 32. Kc3 Na5 33. Reb1 Qc4+ 34. Kd2 Qxd4+ 0-1

[Event "Budapest Vezerkepzo IM 04"]
[Site "Budapest"]
[Date "2025.04.26"]
[Round "6"]
[White "Varga, Zoltan"]
[Black "Chen, Yining"]
[Result "1/2-1/2"]
[WhiteElo "2302"]
[BlackElo "2204"]
[PlyCount "30"]
[EventDate "2025.04.22"]
[EventType "tourn"]
[EventRounds "9"]
[EventCountry "HUN"]
[SourceTitle "CB20_2025"]
[SourceDate "2025.05.14"]
[SourceVersion "1"]
[SourceVersionDate "2025.05.14"]
[SourceQuality "1"]

1. c4 e5 2. Nc3 Nf6 3. Nf3 Nc6 4. a3 d5 5. cxd5 Nxd5 6. Qc2 Be7 7. e3 Be6 8. Bb5 f6 9. d4 Nxc3 10. bxc3 exd4 11. cxd4 0-0 12. Rb1 Na5 13. Bd3 f5 14. Rb5 c5 15. dxc5 a6 1/2-1/2

[Event "Budapest Vezerkepzo IM 04"]
[Site "Budapest"]
[Date "2025.04.24"]
[Round "3"]
[White "Chen, Yining"]
[Black "Pribelszky, Bence Daniel"]
[Result "0-1"]
[WhiteElo "2204"]
[BlackElo "2400"]
[PlyCount "90"]
[EventDate "2025.04.22"]
[EventType "tourn"]
[EventRounds "9"]
[EventCountry "HUN"]
[SourceTitle "CB20_2025"]
[SourceDate "2025.05.14"]
[SourceVersion "1"]
[SourceVersionDate "2025.05.14"]
[SourceQuality "1"]

1. d4 g6 2. e4 Bg7 3. c4 Nc6 4. Nf3 e5 5. dxe5 Nxe5 6. Nxe5 Bxe5 7. Be2 d6 8. Nc3 Nf6 9. Qd3 Qe7 10. Bg5 h6 11. Be3 Bd7 12. f4 Bxc3+ 13. Qxc3 Bc6 14. 0-0 Rh7 15. e5 Ne4 16. Qc2 dxe5 17. f5 Rg7 18. f6 Nxf6 19. b4 Ng8 20. b5 Bd7 21. Bf3 c6 22. Rae1 f6 23. Qa4 Qe6 24. Qb4 Ne7 25. Bxh6 Rh7 26. Bc1 Rh4 27. Ba3 Rxc4 28. Qb1 Nf5 29. bxc6 Bxc6 30. Bxc6+ Qxc6 31. Rxf5 gxf5 32. Qxf5 Rd8 33. Qh7 Qe6 34. Rb1 Qf7 35. Qh8+ Kd7 36. Rxb7+ Kc6 37. Qxd8 Kxb7 38. Qd2 Rd4 39. Qb2+ Ka8 40. Bc5 Rd1+ 41. Kf2 Qc4 42. Be3 Qh4+ 43. Ke2 Qg4+ 44. Kf2 Qf5+ 45. Kg3 Rd3 0-1

[Event "China zt 3.5 (Women)"]
[Site "Jiangxi"]
[Date "2025.03.27"]
[Round "6"]
[White "Chen, Yining"]
[Black "Zhang, Xiao"]
[Result "0-1"]
[WhiteElo "2204"]
[BlackElo "2223"]
[PlyCount "72"]
[EventDate "2025.03.22"]
[EventType "swiss"]
[EventRounds "9"]
[EventCountry "CHN"]
[SourceTitle "CB14_2025"]
[SourceDate "2024.11.01"]
[SourceVersion "1"]
[SourceVersionDate "2024.11.01"]
[SourceQuality "1"]

1. c4 e5 2. g3 Nf6 3. Bg2 c6 4. Nf3 e4 5. Nd4 d5 6. cxd5 Qxd5 7. e3 Bg4 8. Qc2 Na6 9. Nc3 Nb4 10. Qb1 Nd3+ 11. Qxd3 exd3 12. Nxd5 Nxd5 13. b3 Bc5 14. Nf3 Nb4 15. 0-0 Nc2 16. Rb1 f6 17. Bb2 Kf7 18. h3 Be6 19. Rfc1 Bb4 20. Bc3 a5 21. Bf1 Rhd8 22. a4 c5 23. Bxb4 cxb4 24. Nd4 Nxd4 25. Rc7+ Kf8 26. exd4 Rxd4 27. Rxb7 Rc8 28. f4 Rc2 29. Kf2 Rd8 30. Rb6 Bf7 31. Ke1 Ra2 32. Rb5 Re8+ 33. Kf2 Rxd2+ 34. Kf3 Rc2 35. Rxa5 d2 36. Rd1 Bxb3 0-1

[Event "China zt 3.5 (Women)"]
[Site "Jiangxi"]
[Date "2025.03.25"]
[Round "4"]
[White "Chen, Yining"]
[Black "Hu, Yu A"]
[Result "0-1"]
[WhiteElo "2204"]
[BlackElo "2101"]
[PlyCount "98"]
[EventDate "2025.03.22"]
[EventType "swiss"]
[EventRounds "9"]
[EventCountry "CHN"]
[SourceTitle "CB14_2025"]
[SourceDate "2024.11.01"]
[SourceVersion "1"]
[SourceVersionDate "2024.11.01"]
[SourceQuality "1"]

1. c4 Nf6 2. g3 e6 3. Nf3 d5 4. Bg2 Be7 5. 0-0 dxc4 6. Qa4+ Nbd7 7. Qxc4 0-0 8. d4 c5 9. Qc2 Qb6 10. e3 Nd5 11. a3 cxd4 12. Nxd4 N7f6 13. Rd1 Bd7 14. e4 Rac8 15. Qd3 Bc5 16. Nc3 Nxc3 17. bxc3 Ba4 18. Rb1 Qd8 19. Rd2 e5 20. Nb3 Qxd3 21. Rxd3 Bb6 22. Be3 Bb5 23. c4 Bxc4 24. Rc3 Bxe3 25. Rxe3 Be6 26. h3 Rfd8 27. f4 b6 28. a4 exf4 29. gxf4 Nh5 30. f5 Bc4 31. a5 Nf4 32. axb6 axb6 33. Bf1 Nd3 34. Nd2 b5 35. Nxc4 bxc4 36. Bxd3 cxd3 37. Rd1 Rc3 38. e5 Kf8 39. Kf2 Ke7 40. Kf3 g6 41. fxg6 hxg6 42. Rd2 Ke6 43. Kg3 Rd4 44. Rd1 Kd5 45. h4 Kc4 46. e6 fxe6 47. Rxe6 d2+ 48. Kf2 Kd3 49. Rxg6 Rc1 0-1

[Event "China zt 3.5 (Women)"]
[Site "Jiangxi"]
[Date "2025.03.22"]
[Round "1"]
[White "Xue, Shixuan"]
[Black "Chen, Yining"]
[Result "0-1"]
[WhiteElo "1873"]
[BlackElo "2204"]
[PlyCount "40"]
[EventDate "2025.03.22"]
[EventType "swiss"]
[EventRounds "9"]
[EventCountry "CHN"]
[SourceTitle "CB14_2025"]
[SourceDate "2024.11.01"]
[SourceVersion "1"]
[SourceVersionDate "2024.11.01"]
[SourceQuality "1"]

1. e4 e6 2. d4 d5 3. Nd2 c5 4. Ngf3 cxd4 5. Nxd4 Nf6 6. exd5 Nxd5 7. N2f3 a6 8. c4 Nf6 9. Bf4 e5 10. Nxe5 Bb4+ 11. Ke2 0-0 12. Nc2 Bd6 13. Qd4 Qc7 14. Rd1 Bxe5 15. Bxe5 Re8 16. f4 Nc6 17. Qd6 Bg4+ 18. Ke1 Qxd6 19. Rxd6 Nxe5 20. Rxf6 Nd7+ 0-1

[Event "Auckland Wade Memorial"]
[Site "Auckland"]
[Date "2025.01.17"]
[Round "6"]
[White "Chen, Yining"]
[Black "Renjith, Sravan"]
[Result "0-1"]
[WhiteElo "2240"]
[BlackElo "2350"]
[PlyCount "96"]
[EventDate "2025.01.13"]
[EventType "tourn"]
[EventRounds "9"]
[EventCountry "NZL"]
[EventCategory "4"]
[SourceTitle "CB04_2025"]
[SourceDate "2025.01.22"]
[SourceVersion "1"]
[SourceVersionDate "2025.01.22"]
[SourceQuality "1"]

1. d4 d5 2. c4 e6 3. Nf3 c5 4. cxd5 exd5 5. Nc3 Nf6 6. g3 Be7 7. Bg2 0-0 8. 0-0 c4 9. Ne5 Nc6 10. Bg5 Be6 11. e3 h6 12. Bxf6 Bxf6 13. f4 Ne7 14. Qd2 Qa5 15. b4 Qd8 16. a4 Re8 17. a5 g6 18. g4 Bxe5 19. dxe5 Bxg4 20. Nxd5 Nxd5 21. Qxd5 Re7 22. Qxc4 Rd7 23. Rac1 Rd2 24. Qe4 Rb8 25. h3 Bd7 26. a6 Bc6 27. Rxc6 bxc6 28. e6 Qd5 29. e7 Re8 30. Rf2 Rd1+ 31. Rf1 Rxf1+ 32. Kxf1 Qd6 33. Qxc6 Qxe7 34. Bd5 Kf8 35. e4 Rb8 36. b5 Rb6 37. Qc8+ Kg7 38. Bc6 Qd6 39. e5 Qb4 40. Qe8 Qxf4+ 41. Kg2 Qf5 42. Qe7 Rb8 43. Qxa7 Rd8 44. Qe3 Qc2+ 45. Kf3 Rd3 46. Be4 Rxe3+ 47. Kxe3 Qc5+ 48. Kf4 g5+ 0-1

[Event "NZL-ch op 132nd"]
[Site "Wellington"]
[Date "2025.01.05"]
[Round "4"]
[White "Chen, Yining"]
[Black "Archer, Ollie"]
[Result "1-0"]
[WhiteElo "2240"]
[BlackElo "1960"]
[PlyCount "109"]
[EventDate "2025.01.02"]
[EventType "swiss"]
[EventRounds "9"]
[EventCountry "NZL"]
[SourceTitle "CB03_2025"]
[SourceDate "2025.01.15"]
[SourceVersion "1"]
[SourceVersionDate "2025.01.15"]
[SourceQuality "1"]

1. d4 d5 2. c4 e6 3. Nf3 Nf6 4. Nc3 Nbd7 5. Qc2 dxc4 6. e4 Nb6 7. Be3 Bb4 8. Ne5 Bd7 9. Nxc4 Ba4 10. Qb1 Ng4 11. Qc1 c5 12. dxc5 Nxc4 13. Bxc4 Nxe3 14. Qxe3 Qa5 15. 0-0 Bc6 16. Bd5 Qxc5 17. Qxc5 Bxc5 18. Bxc6+ bxc6 19. Na4 Bd4 20. Rac1 Rc8 21. Rc4 e5 22. Rfc1 Kd7 23. b4 Rc7 24. Nc5+ Bxc5 25. Rxc5 f6 26. h4 Rb8 27. a3 Rb5 28. h5 a5 29. Rd1+ Ke6 30. Rxb5 cxb5 31. Rd5 axb4 32. axb4 Rb7 33. Rc5 g6 34. hxg6 hxg6 35. f3 Rb6 36. Kf2 g5 37. Kg3 Kf7 38. Kg4 Kg6 39. g3 Rb7 40. f4 exf4 41. gxf4 Re7 42. Kf3 Ra7 43. fxg5 fxg5 44. Kg4 Ra1 45. Rxg5+ Kf6 46. Rxb5 Rb1 47. Kf4 Rf1+ 48. Ke3 Ke6 49. Rh5 Kd6 50. Kd4 Rc1 51. Rh6+ Kd7 52. Rh5 Kd6 53. Rd5+ Ke6 54. b5 Rc2 55. b6 1-0

[Event "Nanjing New Vigorous op 4th"]
[Site "Nanjing"]
[Date "2024.11.22"]
[Round "3"]
[White "Chen, Zimu"]
[Black "Chen, Yining"]
[Result "1-0"]
[WhiteElo "1984"]
[BlackElo "1809"]
[PlyCount "149"]
[EventDate "2024.11.21"]
[EventType "swiss"]
[EventRounds "9"]
[EventCountry "CHN"]
[SourceTitle "CB48_2024"]
[SourceDate "2024.11.28"]
[SourceVersion "1"]
[SourceVersionDate "2024.11.28"]
[SourceQuality "1"]

1. e4 c6 2. d4 d5 3. e5 c5 4. Nf3 cxd4 5. Qxd4 Nc6 6. Qf4 e6 7. Nc3 Nb4 8. Qd2 Ne7 9. b3 Ng6 10. Bb2 Nc6 11. 0-0-0 Bd7 12. h4 h5 13. Re1 Qa5 14. Bd3 Rh6 15. Kb1 Rc8 16. g3 Nb4 17. Bxg6 Rxg6 18. a3 Nc6 19. Ne2 Qxd2 20. Nxd2 Bc5 21. Rhf1 Rh6 22. Nf3 Ne7 23. Nfd4 Nc6 24. Nf3 Ne7 25. Bc1 Rh8 26. Ned4 Nc6 27. Ne2 Ne7 28. Ned4 Nc6 29. Bb2 a6 30. Rd1 Ke7 31. Rfe1 Rhd8 32. Bc1 Kf8 33. Kb2 Rc7 34. Be3 Bxd4+ 35. Bxd4 Rcc8 36. Bb6 Re8 37. Bd4 Ne7 38. a4 Nf5 39. Rd2 Rc6 40. Be3 Bc8 41. Bg5 b6 42. Ng1 Bb7 43. Ne2 Rec8 44. Rc1 a5 45. Nd4 Nxd4 46. Rxd4 Ba6 47. Rd2 Kg8 48. Re1 Kh7 49. Be3 Kg6 50. Bd4 Ra8 51. f3 b5 52. axb5 Bxb5 53. Ka3 a4 54. b4 Rc4 55. c3 Rac8 56. Re3 Kf5 57. Bc5 f6 58. Bd4 Re8 59. Rg2 Rc7 60. g4+ Kg6 61. gxh5+ Kf5 62. h6 gxh6 63. h5 fxe5 64. Bxe5 Rc4 65. Rg6 d4 66. Rf6+ Kg5 67. f4+ Kxh5 68. Bxd4 Kg4 69. Re5 Bc6 70. b5 Bd5 71. f5 Kg5 72. Rg6+ Kh5 73. Rg7 Kh4 74. f6 Bf3 75. Bf2+ 1-0

[Event "Nanjing New Vigorous op 4th"]
[Site "Nanjing"]
[Date "2024.11.21"]
[Round "1"]
[White "Cong, Dingzhou"]
[Black "Chen, Yining"]
[Result "0-1"]
[WhiteElo "1806"]
[BlackElo "1809"]
[PlyCount "138"]
[EventDate "2024.11.21"]
[EventType "swiss"]
[EventRounds "9"]
[EventCountry "CHN"]
[SourceTitle "CB48_2024"]
[SourceDate "2024.11.28"]
[SourceVersion "1"]
[SourceVersionDate "2024.11.28"]
[SourceQuality "1"]

1. e4 c6 2. d4 d5 3. Nc3 dxe4 4. Nxe4 Bf5 5. Ng3 Bg6 6. h4 h6 7. Nf3 Nd7 8. h5 Bh7 9. Bd3 Bxd3 10. Qxd3 e6 11. Bd2 Ngf6 12. 0-0-0 Be7 13. Kb1 0-0 14. Ne4 c5 15. dxc5 Nxc5 16. Qxd8 Rfxd8 17. Nxf6+ Bxf6 18. Be3 b6 19. Nd4 Rac8 20. g4 Ne4 21. c3 Nd6 22. Bc1 Nc4 23. Nf3 b5 24. Rxd8+ Rxd8 25. Kc2 Kf8 26. b3 Nb6 27. Nd2 Rc8 28. Ba3+ Kg8 29. Ne4 Nd5 30. Nxf6+ Nxf6 31. f3 Nd5 32. Bb2 Nxc3 33. Kd2 Nxa2 34. Ba3 a5 35. Ra1 Nb4 36. Bxb4 axb4 37. Ra5 Rc3 38. Rxb5 Rxb3 39. f4 Rg3 40. g5 hxg5 41. fxg5 b3 42. g6 fxg6 43. hxg6 Rxg6 44. Rxb3 Kf7 45. Ke2 Rf6 46. Rg3 Rf5 47. Ke3 Kf6 48. Rg1 g5 49. Rh1 Ra5 50. Kf3 Kf5 51. Rh8 Ra3+ 52. Kf2 Ra5 53. Kf3 g4+ 54. Kg3 Ra3+ 55. Kg2 e5 56. Rf8+ Ke4 57. Rg8 g3 58. Rg4+ Kd5 59. Rg8 e4 60. Rd8+ Ke5 61. Re8+ Kf4 62. Rf8+ Ke3 63. Kxg3 Ra7 64. Rg8 Rf7 65. Kg2 Ke2 66. Ra8 Rg7+ 67. Kh1 e3 68. Ra2+ Kf1 69. Kh2 e2 0-1

[Event "CHN-ch Blitz (Women)"]
[Site "Hohhot"]
[Date "2024.11.14"]
[Round "9"]
[White "Jiang, Tianyu"]
[Black "Chen, Yining"]
[Result "0-1"]
[WhiteElo "2081"]
[BlackElo "1945"]
[PlyCount "86"]
[EventDate "2024.11.13"]
[EventType "swiss (blitz)"]
[EventRounds "9"]
[EventCountry "CHN"]
[SourceTitle "CB49_2024"]
[SourceDate "2024.12.04"]
[SourceVersion "1"]
[SourceVersionDate "2024.12.04"]
[SourceQuality "1"]

1. Nc3 d5 2. e4 c6 3. Nf3 Bg4 4. h3 Bxf3 5. Qxf3 e6 6. d3 Nd7 7. Be2 Bc5 8. Qg3 Ne7 9. 0-0 Bd4 10. Kh1 0-0 11. f4 f5 12. Bf3 Ng6 13. Ne2 Bf6 14. e5 Be7 15. Nd4 Bh4 16. Qh2 Qe8 17. Bh5 a6 18. b4 Bd8 19. g4 Bb6 20. Nf3 Qe7 21. Bd2 Nh4 22. gxf5 Nxf3 23. Bxf3 exf5 24. Rae1 Rfe8 25. Qg2 Nf8 26. c4 dxc4 27. dxc4 Rad8 28. Bc3 Ne6 29. c5 Bc7 30. Bd1 a5 31. Bb3 Kh8 32. a3 axb4 33. axb4 Rd3 34. Rc1 Qh4 35. Kh2 Nxf4 36. Be1 Rxh3+ 37. Kg1 Ne2+ 38. Qxe2 Rh1+ 39. Kg2 Qh3+ 40. Kf2 Rh2+ 41. Kg1 Rxe2 42. Rf2 Rxf2 43. Bxf2 Qxb3 0-1

[Event "CHN-ch Rapid (Women)"]
[Site "Hohhot"]
[Date "2024.11.13"]
[Round "9"]
[White "Chen, Yining"]
[Black "Li, Xueyi"]
[Result "0-1"]
[WhiteElo "1809"]
[BlackElo "2204"]
[PlyCount "108"]
[EventDate "2024.11.12"]
[EventType "swiss (rapid)"]
[EventRounds "9"]
[EventCountry "CHN"]
[SourceTitle "CB49_2024"]
[SourceDate "2024.12.04"]
[SourceVersion "1"]
[SourceVersionDate "2024.12.04"]
[SourceQuality "1"]

1. d4 d5 2. c4 c6 3. Nc3 Nf6 4. e3 a6 5. Nf3 g6 6. Be2 Bg7 7. 0-0 dxc4 8. Bxc4 0-0 9. Qe2 b5 10. Bd3 c5 11. dxc5 Nbd7 12. Rd1 Qc7 13. Bd2 Nxc5 14. Bc2 Bb7 15. Rac1 Ng4 16. e4 Ne6 17. g3 h5 18. h3 Nd4 19. Nxd4 Bxd4 20. hxg4 Qxg3+ 21. Kf1 Qh3+ 22. Ke1 hxg4 23. Be3 Be5 24. Bd4 Bf4 25. Be3 e5 26. Nd5 Bxd5 27. Rxd5 g3 28. Bxf4 g2 29. Kd2 exf4 30. Rd3 Rad8 31. Kc3 Rxd3+ 32. Qxd3 Qh2 33. Qd1 Rc8+ 34. Kb3 f3 35. a3 a5 36. Ka2 b4 37. Qd7 Rf8 38. Qg4 bxa3 39. bxa3 Qc7 40. Qg5 Qc4+ 41. Bb3 Qe2+ 42. Rc2 Qxe4 43. Rc4 Qe2+ 44. Rc2 Qd3 45. Rc6 Qe2+ 46. Rc2 Qa6 47. Rc3 a4 48. Bc4 Qd6 49. Rxf3 g1Q 50. Qxg1 Qd2+ 51. Ka1 Qd4+ 52. Kb1 Qxc4 53. Qe1 Rb8+ 54. Ka1 Qd4+ 0-1

[Event "CHN-ch Blitz (Women)"]
[Site "Hohhot"]
[Date "2024.11.13"]
[Round "1"]
[White "Chen, Yining"]
[Black "Wang, Qinxuanyi"]
[Result "0-1"]
[WhiteElo "1945"]
[BlackElo "2156"]
[PlyCount "100"]
[EventDate "2024.11.13"]
[EventType "swiss (blitz)"]
[EventRounds "9"]
[EventCountry "CHN"]
[SourceTitle "CB49_2024"]
[SourceDate "2024.12.04"]
[SourceVersion "1"]
[SourceVersionDate "2024.12.04"]
[SourceQuality "1"]

1. d4 d5 2. c4 c6 3. Nc3 Nf6 4. e3 e6 5. Nf3 Nbd7 6. Be2 Bd6 7. 0-0 0-0 8. b3 b6 9. Bb2 Bb7 10. Bd3 Qe7 11. Rc1 Rfe8 12. Re1 e5 13. dxe5 Nxe5 14. cxd5 cxd5 15. Be2 Nxf3+ 16. Bxf3 Be5 17. Qd2 Rad8 18. Ne2 Ne4 19. Bxe4 dxe4 20. Qc2 Ba6 21. Bxe5 Qxe5 22. Nd4 Bd3 23. Qc7 Qf6 24. Rc6 Qh4 25. Qg3 Qxg3 26. hxg3 Rd7 27. Rec1 g6 28. Rc7 Ree7 29. Rxd7 Rxd7 30. b4 a5 31. bxa5 bxa5 32. Rc5 a4 33. Ra5 Rb7 34. Rxa4 Rb1+ 35. Kh2 Rf1 36. g4 Rxf2 37. Kg3 Rb2 38. Kf4 Kg7 39. g3 f6 40. Ra7+ Kh6 41. g5+ fxg5+ 42. Ke5 Rg2 43. Ne6 Rxg3 44. Nf8 Kh5 45. Rxh7+ Kg4 46. Nxg6 Rxe3 47. Kd4 Re2 48. Ne5+ Kg3 49. Rg7 Rxa2 50. Rxg5+ Kf4 0-1

[Event "CHN-ch Rapid (Women)"]
[Site "Hohhot"]
[Date "2024.11.12"]
[Round "4"]
[White "Hong, Xing"]
[Black "Chen, Yining"]
[Result "1-0"]
[WhiteElo "2003"]
[BlackElo "1809"]
[PlyCount "73"]
[EventDate "2024.11.12"]
[EventType "swiss (rapid)"]
[EventRounds "9"]
[EventCountry "CHN"]
[SourceTitle "CB49_2024"]
[SourceDate "2024.12.04"]
[SourceVersion "1"]
[SourceVersionDate "2024.12.04"]
[SourceQuality "1"]

1. e4 c6 2. c4 d5 3. exd5 cxd5 4. cxd5 Nf6 5. Nc3 Nxd5 6. Nf3 Nc6 7. Bb5 e6 8. 0-0 Be7 9. d4 0-0 10. Re1 Nf6 11. Bf4 Nb4 12. Bg3 a6 13. Bf1 Bd7 14. Ne5 Rc8 15. Qb3 b5 16. Rad1 Nbd5 17. Bd3 Be8 18. Ne4 Qb6 19. h3 h6 20. Bb1 Nxe4 21. Bxe4 Nf6 22. Bb1 b4 23. Ng6 fxg6 24. Rxe6 Bf7 25. Rxb6 Bxb3 26. axb3 g5 27. Rxa6 Nh5 28. Be5 Nf4 29. Ra7 Bf6 30. Bxf6 Rxf6 31. Rb7 Ne2+ 32. Kh2 Rxf2 33. Rd2 Rc1 34. Be4 Re1 35. Bf3 Kf8 36. d5 Rff1 37. Rxe2 1-0

[Event "Budapest SixDays 09 GM-A"]
[Site "Budapest"]
[Date "2024.09.28"]
[Round "7"]
[White "Chen, Yining"]
[Black "Plat, Vojtech"]
[Result "1/2-1/2"]
[WhiteElo "2252"]
[BlackElo "2483"]
[PlyCount "80"]
[EventDate "2024.09.24"]
[EventType "tourn"]
[EventRounds "9"]
[EventCountry "HUN"]
[EventCategory "6"]
[SourceTitle "EXT 2025"]
[Source "ChessBase"]
[SourceDate "2024.10.14"]
[SourceVersion "1"]
[SourceVersionDate "2024.10.14"]
[SourceQuality "1"]

1. d4 d6 2. Nf3 Nf6 3. c4 Bf5 4. Nc3 g6 5. Qb3 Qc8 6. h3 Bg7 7. g4 Bd7 8. Bg2 Nc6 9. Qc2 0-0 10. e4 e5 11. d5 Nd4 12. Nxd4 exd4 13. Ne2 Re8 14. Bf4 b5 15. c5 dxc5 16. e5 c4 17. Nxd4 Qb7 18. 0-0-0 Nxd5 19. Nxb5 Bxb5 20. Bxd5 c6 21. Bxc4 a5 22. Rhe1 a4 23. a3 Bxc4 24. Qxc4 Ra5 25. Re2 Bf8 26. Rc2 Rc5 27. Qxa4 Rb5 28. Rd3 Bb4 29. axb4 Rxb4 30. Qxc6 Qxc6 31. Rxc6 Rxf4 32. Rf6 Rc4+ 33. Kd2 Rxe5 34. Rd7 Rb4 35. Kc3 Reb5 36. Rfxf7 Rb3+ 37. Kd4 R5b4+ 38. Ke5 Rb5+ 39. Ke6 Rb6+ 40. Ke5 R6b5+ 1/2-1/2

[Event "Budapest SixDays 09 GM-A"]
[Site "Budapest"]
[Date "2024.09.27"]
[Round "6"]
[White "Mamatov, Melis"]
[Black "Chen, Yining"]
[Result "1/2-1/2"]
[WhiteElo "2362"]
[BlackElo "2252"]
[PlyCount "86"]
[EventDate "2024.09.24"]
[EventType "tourn"]
[EventRounds "9"]
[EventCountry "HUN"]
[EventCategory "6"]
[SourceTitle "EXT 2025"]
[Source "ChessBase"]
[SourceDate "2024.10.14"]
[SourceVersion "1"]
[SourceVersionDate "2024.10.14"]
[SourceQuality "1"]

1. e4 c6 2. d4 d5 3. e5 Bf5 4. h4 a6 5. Nc3 c5 6. dxc5 d4 7. g4 Bc8 8. Ne4 Nc6 9. Bf4 Qa5+ 10. Bd2 Qc7 11. f4 h5 12. Bh3 Nh6 13. gxh5 b6 14. Qe2 Bxh3 15. Rxh3 bxc5 16. Nd6+ Kd8 17. Nc4 e6 18. Qg2 Rb8 19. 0-0-0 Nf5 20. Ne2 Rxh5 21. Ng3 Nxg3 22. Rxg3 g6 23. Ra3 Ke8 24. Rxa6 Nb4 25. Bxb4 Rxb4 26. Ra8+ Ke7 27. Nd6 Rb8 28. Rxb8 Qxb8 29. Qc6 Bh6 30. Kb1 Bxf4 31. a4 Bxe5 32. Nb5 Bd6 33. Rf1 Rd5 34. b3 f5 35. Re1 Kf6 36. a5 c4 37. bxc4 Rc5 38. Qd7 Be5 39. Rxe5 Qxe5 40. Qd8+ Kg7 41. Qe7+ Kg8 42. Qe8+ Kh7 43. Qe7+ Kg8 1/2-1/2

[Event "Budapest SixDays 09 GM-A"]
[Site "Budapest"]
[Date "2024.09.26"]
[Round "5"]
[White "Chen, Yining"]
[Black "Mohammad Fahad, Rahman"]
[Result "0-1"]
[WhiteElo "2252"]
[BlackElo "2419"]
[PlyCount "130"]
[EventDate "2024.09.24"]
[EventType "tourn"]
[EventRounds "9"]
[EventCountry "HUN"]
[EventCategory "6"]
[SourceTitle "EXT 2025"]
[Source "ChessBase"]
[SourceDate "2024.10.14"]
[SourceVersion "1"]
[SourceVersionDate "2024.10.14"]
[SourceQuality "1"]

1. d4 d5 2. c4 e6 3. Nf3 Nf6 4. Nc3 c6 5. e3 Nbd7 6. Be2 Bd6 7. 0-0 0-0 8. b3 b6 9. Bb2 Bb7 10. Bd3 Re8 11. Re1 a6 12. Rc1 h6 13. Rc2 dxc4 14. bxc4 c5 15. h3 e5 16. dxe5 Bxf3 17. gxf3 Nxe5 18. Bf1 Qe7 19. Rd2 Rad8 20. Nd5 Nxd5 21. Rxd5 Ng6 22. Re2 Be5 23. Bxe5 Rxd5 24. Qxd5 Rd8 25. Qe4 Qxe5 26. Qxe5 Nxe5 27. Rb2 Nxf3+ 28. Kg2 Nh4+ 29. Kg3 g5 30. Bg2 Nxg2 31. Kxg2 Rd6 32. Kf3 Kg7 33. a4 a5 34. Ke4 Kg6 35. f4 f6 36. Rb3 h5 37. fxg5 Kxg5 38. Rb1 Re6+ 39. Kf3 Kf5 40. Rd1 Kg5 41. Rd5+ f5 42. Rd8 Re4 43. Rd6 Rxc4 44. Rxb6 Rxa4 45. Rb5 Rh4 46. Kg3 Rc4 47. Rxa5 Rc3 48. h4+ Kf6 49. Kf3 Rc4 50. Ra6+ Ke5 51. Rc6 f4 52. exf4+ Rxf4+ 53. Kg3 Rg4+ 54. Kh3 c4 55. Rc5+ Kd4 56. Rxh5 Re4 57. Rh8 c3 58. Rc8 Kd3 59. h5 c2 60. h6 Re6 61. Kg2 Rxh6 62. Rd8+ Ke2 63. Re8+ Kd2 64. Rd8+ Kc1 65. Kf2 Rb6 0-1